01142nam a22002777a 4500003000500000005001700005008004100022010001000063011001000073020001800083035001100101040000900112082002100121245015800142260006900300300003900369490009200408650003200500650002800532650004700560650004400607700003400651700004100685700004600726830009200772CHAP20220329143443.0091013s2008 mx a r 00010 spa d a96873 a97845 a9789708260053 a108517 cCHAP04a338.097252bAc8500aActividad económica regional en el Estado de Méxicoc/compilado por Laura E. del Moral Barrera, Óscar M. Rodríguez Pichardo y Pablo Mejía Reyes aToluca, Edo. de Méx. :bGobierno del Estado de México,c2008 a254 p. :bilus., cuadros, gráfs. 0aBiblioteca Mexiquense del Bicentenario.pColección mayor : Administración pública14aAgriculturazMexico (Edo.).14aEmpleoxMéxico (Edo.)14aMéxico (Edo.)xCondiciones económicas.14aPlaneación regionalzMéxico (Edo.).1 aMejía Reyes, Pabloe, comp.1 aMoral Barrera, Laura E. dele, comp.1 aRodríguez Pichardo, Óscar M.e, comp. 0aBiblioteca Mexiquense del Bicentenario.pColección mayor : Administración pública